LEADER 01075nam2 22003013i 450 001 BVE0056338 005 20231121125414.0 010 $a8824310648 020 $aIT$b95-1232 100 $a20150121d1994 ||||0itac50 ba 101 | $aita 102 $ait 181 1$6z01$ai $bxxxe 182 1$6z01$an 200 0 $a2 210 $aNapoli$cJovene$d1994 215 $aXI, 476 p.$d24 cm. 461 1$1001BVE0056334$12001 $aDalla Costituzione all'Unione europea$edel fare diritto per cinquant'anni$fGiuseppe Guarino$v2 606 $aDiritto costituzionale$2FIR$3RMLC085481$9I 700 1$aGuarino$b, Giuseppe$f <1922-2020>$3CFIV038490$4070$0844849 801 3$aIT$bIT-01$c20150121 850 $aIT-FR0098 899 $aBiblioteca Area Giuridico Economica$bFR0098 912 $aBVE0056338 950 2$aBiblioteca Area Giuridico Economica$d 53DSG 01/0195$e 53VM 0000199135 VM barcode:GIU000189. - Inventario:322VM$fA $h20010423$i20121204 977 $a 53 996 $a2$91884749 997 $aUNICAS